Kpop Membres d'Ateez : Thanxx & Deja Vu - Statistiques

Statistiques générales
  • Ce quiz a été pris 87 fois
  • Le résultat moyen est 16 sur 16
Statistiques - réponses
Par images Réponse % Correct
Jongho
100%
San
100%
San
100%
Yeosang
100%
Hongjoong
98%
Mingi
98%
Wooyoung
98%
Yeosang
98%
Yunho
98%
Hongjoong
97%
Jongho
97%
Mingi
97%
Wooyoung
97%
Yunho
97%
Seonghwa
95%
Seonghwa
94%
Aucun quiz correspondant
Distribution des résultats
% des personnes avec chaque résultat
Percentile par nombre de réponses
Votre historique - résultats
Vous n’avez pas pris ce quiz